Accounting for farms (Record no. 104742)

MARC details
000 -LEADER
fixed length control field 01112cam a2200205 4500
001 - CONTROL NUMBER
control field ##L131395
008 - FIXED-LENGTH DATA ELEMENTS--GENERAL INFORMATION
fixed length control field 051028n2005 000 0 eng u
020 ## - INTERNATIONAL STANDARD BOOK NUMBER
International Standard Book Number 1845920325
035 ## - SYSTEM CONTROL NUMBER
System control number (Sirsi) u131395
041 0# - LANGUAGE CODE
Language code of text/sound track or separate title eng
050 04 - LIBRARY OF CONGRESS CALL NUMBER
Classification number 657.863 $2 18
100 1# - MAIN ENTRY--PERSONAL NAME
Personal name Symons, Ray
245 00 - TITLE STATEMENT
Title Accounting for farms
260 ## - PUBLICATION, DISTRIBUTION, ETC.
Place of publication, distribution, etc. Haywards Heath
Name of publisher, distributor, etc. Tottel Publishing
Date of publication, distribution, etc. 2005
300 ## - PHYSICAL DESCRIPTION
Extent xviii, 351p
Other physical details tables
Dimensions 23cm.
350 ## - PRICE (NR) (BK AM CF MU VM SE) [OBSOLETE]
Price 64.95
520 ## - SUMMARY, ETC.
Summary, etc. A practical and comprehensive guide to every aspect of preparing and maintaining agricultural accounts. Coverage includes history of farming; current developments; future developments; farming calendar; farming enterprises; diversification; farming valuations; farm management; enterprise accounts; accounting requirements; accounting and auditing regulations; auditing requirements; farming documentation; ratios and expectations; common taxation issues; accounting for VAT; commercial and operational regulations; investments; and sources of finance.
690 ## - LOCAL SUBJECT ADDED ENTRY--TOPICAL TERM (OCLC, RLIN)
Topical term or geographic name as entry element PROPERTY-RURAL AND NATURAL ASSETS-RURAL AND NATURAL ASSET VALUATION AND APPRAISAL
942 ## - ADDED ENTRY ELEMENTS (KOHA)
Suppress in OPAC 0
Holdings
Withdrawn status Lost status Source of classification or shelving scheme Damaged status Not for loan Home library Current library Shelving location Date acquired Cost, normal purchase price Total Checkouts Full call number Barcode Date last seen Date last checked out Copy number Cost, replacement price Price effective from Koha item type
    Dewey Decimal Classification     London London Books 04/01/2006 55.21 10 657.863 SYM 30071451 06/08/2019 20/10/2009 1 55.21 06/08/2019 Book